Minecraft Mob Drops - Statistics

General Stats
  • This quiz has been taken 66 times
  • The average score is 35 of 50
Answer Stats
Hint Answer % Correct
Chicken Feather / Raw Chicken
88%
Cow Leather / Raw Beef
88%
Sheep Wool / Raw Mutton
88%
Salmon Raw Salmon
85%
Spider String / Spider eye
85%
Skeleton / Stray Arrow / Bone
83%
Blaze Blaze Rod
83%
Enderman Enderpearl
83%
Horse Leather
83%
Cave Spider String / Spider Eye
83%
Skeleton Horse Bone
81%
Ghast Ghast Tear / Gunpowder
81%
Creeper Gunpowder / Music disc / Creeper Head
81%
Iron Golem Iron Ingot / Poppy
81%
Pufferfish Pufferfish
81%
Cod Raw Cod
81%
Donkey/Mule Leather
79%
Pig Raw Porkchop
79%
Rabbit Raw Rabbit / Rabbit Hide
79%
Zombie Horse Rotten Flesh
79%
Drowned Rotten Flesh
79%
Slime Slimeball
79%
Parrot Feather
77%
Squid Ink Sac
77%
Llama Leather
77%
Snow Golem Snowball
77%
Mooshroom Leather / Raw Beef
75%
Tropical Fish Tropical Fish
73%
Panda Bamboo
69%
Wither Skeleton Coal / Bone
69%
Witch Redstone / Spider eye / Stick / Gunpowder / Glass Bottle / Sugar / Glowstone dust
69%
Zombie / Zombie Villager Rotten Flesh
69%
Zombiefied Piglin Rotten Flesh / Gold Nugget
67%
Evoker Emerald / Totem of Undying
63%
Phantom Phantom membrane
63%
Hoglin Raw Porkchop / Leather
63%
Zoglin Rotten Flesh
63%
Polar Bear Raw Cod / Raw Salmon
60%
Magma Cube Magma Cream
58%
Wither Nether Star
58%
Shulker Shulker Shell
58%
Cat String
58%
Elder Guardian Raw Cod / Prismarine Shard / Prismarine Crystal / Wet Sponge
56%
Guardian Raw Cod / Prismarine Shard / Prismarine Crystal
54%
Ravager Saddle
52%
Vindicator Emerald
48%
Turlte Seagrass / Bowl
48%
Dolphin Raw Cod
46%
Pillager Arrow
35%
Wandering Trader Potion
19%
No matching quizzes found
Score Distribution
Percent of People with Each Score
Percentile by Number Answered
Your Score History
You have not taken this quiz